| 000 | 00523nam a2200193 i 4500 | ||
|---|---|---|---|
| 001 | bg | ||
| 100 | 1 | _aOLSZEWSKI, Henryk | |
| 245 | 0 |
_aHistoria doktryn politycznych i prawnych / _cHenryk Olszewski, Maria Zmierczak. |
|
| 260 |
_aPoznaĆ : _b"Ars boni et aequi", _c1993. |
||
| 300 |
_a458 s. ; _c24 cm. |
||
| 700 | 1 | _aZMIERCZAK, Maria | |
| 020 | _a8390096420 | ||
| 040 | _cBPK | ||
| 041 | _apol | ||
| 080 | _a321:340.1](075.8) | ||
| 920 | _a83-900964-2-0 | ||
| 942 | _cKS | ||
| 008 | s pl f |000 0 pol | ||
| 999 |
_c30144 _d30144 |
||
| 856 |
_uhttp://koha.tu.koszalin.pl/cgi-bin/koha/opac-detail.pl?biblionumber=30144 _yKatalog online BPK |
||